|
|
|
|
| LEADER |
00000nam0a2200000 4500 |
| 001 |
293942 |
| 005 |
20231102000637.0 |
| 035 |
|
|
|a (RuTPU)RU\TPU\book\318992
|
| 090 |
|
|
|a 293942
|
| 100 |
|
|
|a 20150507d1965 m y0rusy50 ca
|
| 101 |
0 |
|
|a rus
|
| 102 |
|
|
|a RU
|
| 105 |
|
|
|a a j 001zy
|
| 200 |
1 |
|
|a Основы теории металлургических процессов
|e учебное пособие
|f Р. А. Аграчева, И. П. Гофман
|
| 210 |
|
|
|a Москва
|c Металлургия
|d 1965
|
| 215 |
|
|
|a 275 с.
|c ил.
|
| 320 |
|
|
|a Библиогр.: с. 275.
|
| 330 |
|
|
|a Освещаются основы теории процессов, протекающих при получении и рафинировании цветных металлов пирометаллургическими и гидрометаллургическими способами; приводятся примеры расчетов и методика выполнения некоторых лабораторных работ. Для учащихся металлургических техникумов, студентов высших учебных заведений и металлургов-производственников.
|
| 606 |
1 |
|
|a Металлургические процессы
|2 stltpush
|3 (RuTPU)RU\TPU\subj\74029
|9 86633
|
| 610 |
1 |
|
|a металлургия
|
| 610 |
1 |
|
|a теория
|
| 610 |
1 |
|
|a металлы
|
| 610 |
1 |
|
|a рафинирование
|
| 610 |
1 |
|
|a испарение
|
| 610 |
1 |
|
|a конденсация
|
| 610 |
1 |
|
|a шлаки
|
| 610 |
1 |
|
|a окислительные процессы
|
| 610 |
1 |
|
|a восстановление
|
| 610 |
1 |
|
|a сульфидные плавки
|
| 610 |
1 |
|
|a обжиг
|
| 610 |
1 |
|
|a гидрометаллургия
|
| 610 |
1 |
|
|a электролиз
|
| 610 |
1 |
|
|a учебные пособия
|
| 675 |
|
|
|a 669.01(075.8)
|v 3
|
| 700 |
|
1 |
|a Аграчева
|b Р. А.
|g Рута Александровна
|
| 701 |
|
1 |
|a Гофман
|b И. П.
|g Ирина Петровна
|
| 801 |
|
1 |
|a RU
|b 63413507
|c 20150507
|
| 801 |
|
2 |
|a RU
|b 63413507
|c 20220530
|g RCR
|
| 942 |
|
|
|c BK
|